Peintures de manuscrits arabes, persans et turcs de la Bibliothèque nationale / (Record no. 531229)
[ view plain ]
| 000 -LEADER | |
|---|---|
| fixed length control field | 00918nam a2200265 a 4500 |
| 001 - CONTROL NUMBER | |
| control field | 001060648 |
| 003 - CONTROL NUMBER IDENTIFIER | |
| control field | AM-YEHGA |
| 005 - DATE AND TIME OF LATEST TRANSACTION | |
| control field | 20250617164859.0 |
| 008 - FIXED-LENGTH DATA ELEMENTS--GENERAL INFORMATION | |
| fixed length control field | 150220s2000 fr a||||r|||||000|0|fre|d |
| 040 ## - CATALOGING SOURCE | |
| Original cataloging agency | AM-YeHGA |
| 041 0# - LANGUAGE CODE | |
| Language code of text/sound track or separate title | fre |
| 090 ## - LOCALLY ASSIGNED LC-TYPE CALL NUMBER (OCLC); LOCAL CALL NUMBER (RLIN) | |
| -- | 569988 |
| 100 1# - MAIN ENTRY--PERSONAL NAME | |
| Personal name | Blochet, E. |
| 245 10 - TITLE STATEMENT | |
| Title | Peintures de manuscrits arabes, persans et turcs de la Bibliothèque nationale / |
| Statement of responsibility, etc. | Par E. Blochet ; Bibliothèque nationale (France). Département des manuscrits. |
| 260 ## - PUBLICATION, DISTRIBUTION, ETC. | |
| Place of publication, distribution, etc. | Paris : |
| Name of publisher, distributor, etc. | Impr. Catala frères, |
| Date of publication, distribution, etc. | [190?]. |
| 300 ## - PHYSICAL DESCRIPTION | |
| Extent | 16 + 64 p. : |
| Other physical details | 64 plates ; |
| Dimensions | 20 cm. |
| 500 ## - GENERAL NOTE | |
| General note | In portfolio, within case |
| 650 14 - SUBJECT ADDED ENTRY--TOPICAL TERM | |
| Topical term or geographic name entry element | Illumination of books and manuscripts |
| Form subdivision | Specimens |
| 650 14 - SUBJECT ADDED ENTRY--TOPICAL TERM | |
| Topical term or geographic name entry element | Manuscripts, Arabic |
| 650 14 - SUBJECT ADDED ENTRY--TOPICAL TERM | |
| Topical term or geographic name entry element | Manuscripts, Persian |
| 650 14 - SUBJECT ADDED ENTRY--TOPICAL TERM | |
| Topical term or geographic name entry element | Manuscripts, Turkish |
| 650 14 - SUBJECT ADDED ENTRY--TOPICAL TERM | |
| Topical term or geographic name entry element | Manuscripts |
| Geographic subdivision | France |
| 710 2# - ADDED ENTRY--CORPORATE NAME | |
| Corporate name or jurisdiction name as entry element | Bibliothèque nationale de France |
| Subordinate unit | Département des manuscrits |
| 942 ## - ADDED ENTRY ELEMENTS (KOHA) | |
| Source of classification or shelving scheme | Universal Decimal Classification |
| Koha item type | Գրքեր / Books |
| Withdrawn status | Lost status | Damaged status | Not for loan | Collection | Home library | Current library | Date acquired | Total checkouts | Full call number | Barcode | Date last seen | Price effective from | Koha item type | Public note |
|---|---|---|---|---|---|---|---|---|---|---|---|---|---|---|
| General | Fundamental Scientific Library | Fundamental Scientific Library | 24/09/2024 | И II/118163 | FL0685422 | 24/09/2024 | 24/09/2024 | Գրքեր / Books | 30 Days Loan |
ՀՀ Գիտությունների ազգային ակադեմիայի հիմնարար գիտական գրադարան = Fundamental Scientific Library of NAS RA
All site content, except where otherwise noted, is licensed under a